| 000 | 01016 a2200157 4500 | ||
|---|---|---|---|
| 003 | Nust | ||
| 005 | 20221018134842.0 | ||
| 040 | _cNust | ||
| 082 | _a620,GEN | ||
| 245 |
_a General engineering workshop practice : _b A guide to principles and practice of workshop procedure / _c Odhams Books |
||
| 260 |
_aLondon, _b Odhams Books _c [1963] |
||
| 300 |
_a575 p. illus., diagrs., _btables. 22 cm. |
||
| 505 | _aBench Work (Page-5), Metals in Engineering Production (Page-61), The Lathe (Page-94), Screw-Cutting (Page-165), Taper Turning (Page-187), Milling and Grinding (Page-211), Special Machine Tools (Page-260), Gears and Gear Cutting (Page-290), Jigs and Fixtures (Page-314), Pressing, Stamping and Punching (Page-334), Heat-Treatment of Metals (Page-360), Welding, Soldering and Brazing (Page-376), Forging and Forge Work (Page-402), Foundry Work (Pag416e-), Measuring and Testing (Page-457), Reading a Machine Drawing (Page-521). | ||
| 650 |
_a General engineering workshop practice _9100625 |
||
| 942 |
_2ddc _cBK |
||
| 999 |
_c183255 _d183255 |
||